Вып. 32; Исследование операций и АСУ

Podrobná bibliografie
Parent link:Исследование операций и АСУ: республиканский межведомственный научный сборник/ Киевский государственный университет им. Т. Г. Шевченко. Вып. 32.— , 1973-1991
Další autoři: Ляшко И. И. Иван Иванович (редактор)
Jazyk:ruština
Vydáno: 1988
Témata:
Médium: MixedMaterials Kniha
KOHA link:https://koha.lib.tpu.ru/cgi-bin/koha/opac-detail.pl?biblionumber=259801

MARC

LEADER 00000nam2a2200000 4500
001 259801
005 20231101233423.0
020 |a RU  |b 88-22403ж 
035 |a (RuTPU)RU\TPU\book\282747 
090 |a 259801 
100 |a 20140512a1988 k y0rusy5003 ca 
101 0 |a rus 
102 |a UA 
105 |a a z 001zy 
200 0 |a Вып. 32  |f под ред. И. И. Ляшко 
210 |d 1988 
215 |a 82 с. 
320 |a Библиография в конце статей 
461 1 |0 (RuTPU)RU\TPU\book\220891  |t Исследование операций и АСУ  |o республиканский межведомственный научный сборник  |f Киевский государственный университет им. Т. Г. Шевченко  |v Вып. 32  |d 1973-1991 
606 1 |a Операций исследование  |2 stltpush  |3 (RuTPU)RU\TPU\subj\13251  |9 39898 
610 1 |a автоматизированные системы управления 
610 1 |a автоматизированные системы планирования 
610 1 |a АСУ 
610 1 |a оптимизация 
610 1 |a программные средства 
610 1 |a вероятностные методы 
610 1 |a дискретная оптимизация 
610 1 |a задачи 
610 1 |a прикладные задачи 
675 |a 519.8  |z rus  |v 3 
702 1 |a Ляшко  |b И. И.  |g Иван Иванович  |4 340 
801 0 |a RU  |b RuMRKP  |c 19950417  |g psbo 
801 1 |a RU  |b 63413507  |c 20140512 
801 2 |a RU  |b 63413507  |c 20170210  |g RCR 
942 |c BK